000 00300nam a22001337a 4500
008 170606b xxu||||| |||| 00| 0 eng d
020 _a2900072819563
041 _aeng
080 _22ND
_a94(100)
100 _a18
101 _aSHH
245 _aTHE WEST IN THE WORLD
_cSHERMAN,D
942 _2udc
_cBK
999 _c16019
_d16019